| 000 | 00727naa a2200217 4500 | ||
|---|---|---|---|
| 001 | 108704 | ||
| 003 | ES-MaBCM | ||
| 005 | 20241016140256.0 | ||
| 008 | 050602s2005 esp|r0p 0 ||spa d | ||
| 021 | _axx | ||
| 035 | _a(OCoLC)1365117368 | ||
| 040 | _cES-MaBCM | ||
| 100 | 1 |
_aÁlvarez Tardío, Manuel _91422 |
|
| 245 | 0 | 0 |
_aLos fantasmas del pasado _b: la revisión crítica de la transición y el partido socialista _cManuel Álvarez Tardío |
| 520 | 0 | _aContiene bibliografia | |
| 650 | 1 | 7 |
_aCambio de régimen político _957801 |
| 650 | 1 | 7 |
_aDemocracia _958263 |
| 651 | 1 | 4 |
_aEspaña _9115342 |
| 773 | 0 |
_aEn: _t. Cuadernos de pensamiento político _dMadrid _w105566 _gN. 6 (abr.-jun. 2005), p. 173-188 |
|
| 942 | _cAREV | ||
| 999 |
_c108704 _d108704 |
||